书目信息 |
| 题名: |
我的曾祖左宗棠
|
|
| 作者: | 左景伊 著 | |
| 分册: | ||
| 出版信息: | 北京 中国文史出版社 2019 |
|
| 页数: | 411页 | |
| 开本: | 24cm | |
| 丛书名: | ||
| 单 册: | ||
| 中图分类: | K827=52 | |
| 科图分类: | ||
| 主题词: | ||
| 电子资源: | ||
| ISBN: | 978-7-5205-1588-7 | |
| 000 | 01022nam0 2200229 450 | |
| 001 | 2160495226 | |
| 005 | 20210926145250.0 | |
| 010 | @a978-7-5205-1588-7@dCNY69.80 | |
| 100 | @a20200521d2019 em y0chiy0120 ea | |
| 101 | 0 | @achi |
| 102 | @aCN@b110000 | |
| 105 | @aa z 000yb | |
| 106 | @ar | |
| 200 | 1 | @a我的曾祖左宗棠@Awo de zeng zu zuo zong tang@f左景伊著 |
| 210 | @a北京@c中国文史出版社@d2019 | |
| 215 | @a411页@c照片@d24cm | |
| 330 | @a左宗棠(1812年11月10日—1885年9月5日),湖南湘阴人。二十岁乡试中举,后在会试中屡试不第,但留意农事,遍读群书,钻研舆地、兵法。后由幕友而起,参与平定太平天国运动,兴办洋务运动,平定陕甘之乱,收复新疆,与曾国藩、李鸿章、张之洞并称“晚清中兴四大名臣”。在本书中,左景伊作为左宗棠四世孙,超然于家庭,以一个研究清末历史的中国人的身份,遍查史料,就事论事,真实地展现了左宗棠卓尔不凡的一生。 | |
| 600 | 0 | @a左宗棠@Azuo zong tang@f1812-1885@x传记 |
| 690 | @aK827=52@v5 | |
| 701 | 0 | @a左景伊@Azuo jing yi@4著 |
| 801 | 0 | @aCN@b百万庄@c20210925 |
| 905 | @b1300263-66@dK827=52@e1050@f4 | |
| 我的曾祖左宗棠/左景伊著.-北京:中国文史出版社,2019 |
| 411页:照片;24cm |
| ISBN 978-7-5205-1588-7:CNY69.80 |
| 左宗棠(1812年11月10日—1885年9月5日),湖南湘阴人。二十岁乡试中举,后在会试中屡试不第,但留意农事,遍读群书,钻研舆地、兵法。后由幕友而起,参与平定太平天国运动,兴办洋务运动,平定陕甘之乱,收复新疆,与曾国藩、李鸿章、张之洞并称“晚清中兴四大名臣”。在本书中,左景伊作为左宗棠四世孙,超然于家庭,以一个研究清末历史的中国人的身份,遍查史料,就事论事,真实地展现了左宗棠卓尔不凡的一生。 |
| ● |
| 相关链接 |
|
|
|
|
正题名:我的曾祖左宗棠
索取号:K827=52/1050
 
预约/预借
| 序号 | 登录号 | 条形码 | 馆藏地/架位号 | 状态 | 备注 |
| 1 | 1300263 | 213002631 | 第二样本阅览室/ [索取号:K827=52/1050] | 在馆 | |
| 2 | 1300264 | 213002640 | 第二借阅区/ [索取号:K827=52/1050] | 在馆 | |
| 3 | 1300265 | 213002659 | 第二借阅区/ [索取号:K827=52/1050] | 在馆 | |
| 4 | 1300266 | 213002668 | 第二借阅区/ [索取号:K827=52/1050] | 在馆 |